Correo familiar : (Record no. 146746)

MARC details
000 -CABECERA
campo de control de longitud fija 00660nam a2200205 a 4500
005 - FECHA Y HORA DE LA ÚLTIMA TRANSACCIÓN
campo de control 20210223131220.0
008 - ELEMENTOS DE LONGITUD FIJA--INFORMACIÓN GENERAL
campo de control de longitud fija 100211s1998 mx r 000 0 spa d
020 ## - NÚMERO INTERNACIONAL NORMALIZADO PARA LIBROS
Número Internacional Estándar del Libro 9686871144
035 ## - NÚMERO DE CONTROL DEL SISTEMA
Número de control de sistema UPN01000174642
049 ## - COLECCIÓN
Colección CG
050 #4 - SIGNATURA TOPOGRÁFICA DE LA BIBLIOTECA DEL CONGRESO
Número de clasificación PQ7297 P3
Número de documento/Ítem C6.7
100 1# - ASIENTO PRINCIPAL--NOMBRE PERSONAL
Nombre de persona Pellicer, Carlos,
Fechas asociadas al nombre 1899-1977
245 10 - MENCIÓN DE TÍTULO
Título Correo familiar :
Resto del título 1918-1920 /
Mención de responsabilidad, etc. Carlos Pellicer ; ed. y pról. Serge I. Zaitzeff.
260 ## - PUBLICACIÓN, DISTRIBUCIÓN, ETC.
Lugar de publicación, distribución, etc. México :
Nombre del editor, distribuidor, etc. Factoría,
Fecha de publicación, distribución, etc. 1998.
300 ## - DESCRIPCIÓN FÍSICA
Extensión 245 p. :
Otras características físicas il.
440 #3 - MENCIÓN DE SERIE/ASIENTO SECUNDARIO--TÍTULO
Título La serpiente emplumada ;
Designación de volumen o secuencia 4
600 14 - ASIENTO SECUNDARIO DE MATERIA - NOMBRE PERSONAL
Nombre de persona PELLICER, CARLOS,
Fechas asociadas al nombre 1899-1977 -
Subdivisión de forma CORRESPONDENCIA, MEMORIAS, ETC.
9 (RLIN) 14463
700 1# - ASIENTO SECUNDARIO--NOMBRE DE PERSONAL
Nombre de persona Zaitzeff, Serge I.,
Término indicativo de función/relación ed.
905 ## - TIPO DE MATERIAL
Tipo de material Libro
Holdings
Estado de retiro Estado de pérdida Fuente del sistema de clasificación o colocación Estado dañado No para préstamo Código de colección Localización permanente Ubicación/localización actual Ubicación en estantería Total de préstamos Clasificación Código de barras Fecha visto por última vez Número de copia Tipo de ítem Koha
    Library of Congress Classification     Colección General Bib. Gregorio Torres Quintero Bib. Gregorio Torres Quintero Planta baja   PQ7297 P3 C6.7 262879 31/12/2020 1 Libro